000 00709nam a2200277Ia 4500
001 15148
005 20240113235610.0
007 ta
008 051203s1952 a g b000 u 465 u
020 _cHB
040 _aCotton College,Assam
041 _a465
082 _a392.6
_bL 617 Se
100 _aLicht, Hans .
245 0 _aSexual Life in Ancient Greece /
_cHans Licht.
_hTextual Documents
250 _a1st ed. /
260 _aLondon :
_bGeorge Routledge & Sons, Ltd ,
_c1952.
300 _a556p. :
_bill ;
_c23cm .
504 _aIndex
653 _aSexual Life-Greece
653 _aG-Education
942 _2ddc
_cBK
999 _c15134
_d15134